[Event "World Chess Olympiad 2018"]
[Site "Batumi"]
[Date "2018.09.25"]
[Round "2"]
[Board "1"]
[WhiteFideId "14700077"]
[White "Amonatov Farrukh"]
[BlackFideId "309095"]
[Black "Navara David"]
[Result "1-0"]
[LiveChessVersion "1.4.8"]
[BlackElo "2740"]
[WhiteElo "2615"]

1. e4 {[%clk 1:30:55]} e5 {[%clk 1:30:56]} 2. Nf3 {[%clk 1:31:15]} Nc6
{[%clk 1:31:21]} 3. Bb5 {[%clk 1:31:31]} Nf6 {[%clk 1:31:47]} 4. d3
{[%clk 1:31:10]} Bc5 {[%clk 1:32:11]} 5. Bxc6 {[%clk 1:30:46]} dxc6
{[%clk 1:32:34]} 6. Nbd2 {[%clk 1:31:13]} Be6 {[%clk 1:32:30]} 7. Qe2
{[%clk 1:31:37]} Bd6 {[%clk 1:31:43]} 8. b3 {[%clk 1:27:37]} O-O {[%clk 1:30:12]}
9. Bb2 {[%clk 1:28:03]} Nd7 {[%clk 1:29:40]} 10. O-O {[%clk 1:26:02]} Qf6
{[%clk 1:20:30]} 11. Rfe1 {[%clk 1:23:04]} c5 {[%clk 1:01:54]} 12. h3
{[%clk 1:16:15]} Nb8 {[%clk 0:57:40]} 13. c3 {[%clk 1:10:21]} Qg6
{[%clk 0:53:08]} 14. Kh1 {[%clk 1:10:05]} Nc6 {[%clk 0:52:26]} 15. Nc4
{[%clk 1:06:09]} Qh5 {[%clk 0:50:24]} 16. Kg1 {[%clk 1:02:29]} Rae8
{[%clk 0:42:39]} 17. Rad1 {[%clk 0:51:20]} f5 {[%clk 0:41:38]} 18. exf5
{[%clk 0:48:04]} Bxf5 {[%clk 0:33:40]} 19. Nd4 {[%clk 0:46:14]} Qxe2
{[%clk 0:32:36]} 20. Nxe2 {[%clk 0:46:17]} b5 {[%clk 0:31:43]} 21. Ne3
{[%clk 0:45:48]} e4 {[%clk 0:12:37]} 22. d4 {[%clk 0:30:02]} cxd4
{[%clk 0:12:58]} 23. Nxd4 {[%clk 0:30:24]} Nxd4 {[%clk 0:13:24]} 24. Rxd4
{[%clk 0:30:49]} Bc5 {[%clk 0:11:57]} 25. Rd5 {[%clk 0:29:37]} Bxe3
{[%clk 0:12:22]} 26. Rxe3 {[%clk 0:24:04]} c6 {[%clk 0:07:27]} 27. Rc5
{[%clk 0:23:07]} Rd8 {[%clk 0:07:35]} 28. Rxc6 {[%clk 0:21:48]} Rd1+
{[%clk 0:08:00]} 29. Kh2 {[%clk 0:22:12]} Bd7 {[%clk 0:08:28]} 30. Rc7
{[%clk 0:20:43]} Rxf2 {[%clk 0:08:52]} 31. Ba3 {[%clk 0:21:00]} h5
{[%clk 0:05:52]} 32. Bc5 {[%clk 0:11:24]} Rc2 {[%clk 0:06:15]} 33. h4
{[%clk 0:02:10]} Rdd2 {[%clk 0:02:47]} 34. Rg3 {[%clk 0:02:39]} Bg4
{[%clk 0:03:10]} 35. Rxa7 {[%clk 0:02:26]} g5 {[%clk 0:01:31]} 36. hxg5
{[%clk 0:02:37]} Bf3 {[%clk 0:01:31]} 37. Ra8+ {[%clk 0:00:58]} Kg7
{[%clk 0:00:58]} 38. Ra7+ {[%clk 0:00:50]} Kg6 {[%clk 0:00:56]} 39. Ra6+
{[%clk 0:01:19]} Kf5 {[%clk 0:00:36]} 40. Rf6+ {[%clk 0:31:30]} Ke5
{[%clk 0:31:02]} 41. Bd4+ {[%clk 0:30:09]} Kd5 {[%clk 0:30:58]} 42. g6
{[%clk 0:29:52]} Rxg2+ {[%clk 0:30:47]} 43. Rxg2 {[%clk 0:29:46]} Rxg2+
{[%clk 0:31:12]} 44. Kh3 {[%clk 0:30:11]} b4 {[%clk 0:29:53]} 45. g7
{[%clk 0:23:26]} bxc3 {[%clk 0:19:04]} 46. Bxc3 {[%clk 0:23:36]} Rxg7
{[%clk 0:18:32]} 47. Rf5+ {[%clk 0:23:27]} Ke6 {[%clk 0:17:53]} 48. Rxf3
{[%clk 0:23:50]} Rd7 {[%clk 0:17:50]} 49. Rf6+ {[%clk 0:20:01]} Ke7
{[%clk 0:17:51]} 50. Rg6 {[%clk 0:20:26]} Rd3+ {[%clk 0:16:39]} 51. Rg3
{[%clk 0:20:54]} e3 {[%clk 0:17:04]} 52. Be1 {[%clk 0:21:17]} Ke6
{[%clk 0:16:11]} 53. Kg2 {[%clk 0:19:57]} h4 {[%clk 0:16:26]} 54. Rh3
{[%clk 0:20:22]} 1-0

[Event "World Chess Olympiad 2018"]
[Site "Batumi"]
[Date "2018.09.25"]
[Round "2"]
[Board "1"]
[WhiteFideId "1202758"]
[White "Nisipeanu Liviu-Dieter"]
[BlackFideId "13002783"]
[Black "Wynn Zaw Htun"]
[Result "1/2-1/2"]
[LiveChessVersion "1.4.8"]
[BlackElo "2473"]
[WhiteElo "2661"]

1. e4 {[%clk 1:30:56]} c5 {[%clk 1:30:41]} 2. Nc3 {[%clk 1:31:19]} d6
{[%clk 1:30:32]} 3. Nge2 {[%clk 1:31:41]} Nf6 {[%clk 1:30:05]} 4. g3
{[%clk 1:32:04]} g6 {[%clk 1:29:24]} 5. Bg2 {[%clk 1:32:26]} Bg7 {[%clk 1:29:49]}
6. O-O {[%clk 1:32:30]} Nc6 {[%clk 1:29:50]} 7. d3 {[%clk 1:32:53]} O-O
{[%clk 1:29:38]} 8. Bg5 {[%clk 1:32:08]} Rb8 {[%clk 1:28:16]} 9. Qd2
{[%clk 1:30:57]} b5 {[%clk 1:27:54]} 10. Bh6 {[%clk 1:29:01]} b4 {[%clk 1:19:24]}
11. Nd1 {[%clk 1:25:16]} Nd4 {[%clk 1:16:09]} 12. Bxg7 {[%clk 1:25:12]} Kxg7
{[%clk 1:16:01]} 13. Ne3 {[%clk 1:21:18]} Ng4 {[%clk 1:09:56]} 14. Nxd4
{[%clk 0:53:47]} cxd4 {[%clk 1:10:10]} 15. Nd5 {[%clk 0:54:11]} e6
{[%clk 1:04:53]} 16. Nxb4 {[%clk 0:44:42]} Qc7 {[%clk 1:01:59]} 17. h3
{[%clk 0:42:18]} Nh6 {[%clk 0:49:23]} 18. c4 {[%clk 0:39:02]} a5 {[%clk 0:35:37]}
19. Nc2 {[%clk 0:39:22]} Rxb2 {[%clk 0:35:49]} 20. Rfb1 {[%clk 0:37:44]} Rxb1+
{[%clk 0:28:56]} 21. Rxb1 {[%clk 0:38:07]} e5 {[%clk 0:29:09]} 22. Rb5
{[%clk 0:31:52]} Bd7 {[%clk 0:29:06]} 23. Qxa5 {[%clk 0:30:10]} Qxa5
{[%clk 0:28:56]} 24. Rxa5 {[%clk 0:30:34]} Rb8 {[%clk 0:29:23]} 25. Na3
{[%clk 0:29:47]} Rb2 {[%clk 0:19:46]} 26. Nb5 {[%clk 0:30:10]} Rb1+
{[%clk 0:18:20]} 27. Kh2 {[%clk 0:30:33]} Rd1 {[%clk 0:17:45]} 28. Nxd6
{[%clk 0:22:50]} Rxd3 {[%clk 0:17:42]} 29. Rxe5 {[%clk 0:22:15]} Rd2
{[%clk 0:16:42]} 30. Re7 {[%clk 0:12:31]} Be6 {[%clk 0:14:27]} 31. c5
{[%clk 0:12:33]} Kf6 {[%clk 0:04:49]} 32. Rb7 {[%clk 0:02:57]} Rxf2
{[%clk 0:04:45]} 33. Rb4 {[%clk 0:02:44]} Rxa2 {[%clk 0:02:23]} 34. Rxd4
{[%clk 0:02:49]} Rc2 {[%clk 0:02:30]} 35. Nb7 {[%clk 0:02:04]} Ke5
{[%clk 0:01:54]} 36. Rd8 {[%clk 0:01:48]} Bc4 {[%clk 0:01:19]} 37. Kg1
{[%clk 0:01:05]} Rc1+ {[%clk 0:01:38]} 38. Kf2 {[%clk 0:01:30]} Rc2+
{[%clk 0:01:58]} 39. Kg1 {[%clk 0:01:52]} Rc1+ {[%clk 0:01:57]} 40. Kf2
{[%clk 0:32:17]} Rc2+ {[%clk 0:32:23]} 41. Kg1 {[%clk 0:30:49]} 1/2-1/2

[Event "World Chess Olympiad 2018"]
[Site "Batumi"]
[Date "2018.09.25"]
[Round "2"]
[Board "2"]
[WhiteFideId "13000110"]
[White "Nay Oo Kyaw Tun"]
[BlackFideId "24651516"]
[Black "Bluebaum Matthias"]
[Result "0-1"]
[LiveChessVersion "1.4.8"]
[BlackElo "2618"]
[WhiteElo "2389"]

1. d4 {[%clk 1:30:52]} d5 {[%clk 1:30:47]} 2. Bf4 {[%clk 1:31:03]} c5
{[%clk 1:30:48]} 3. e3 {[%clk 1:31:16]} Nc6 {[%clk 1:30:49]} 4. c3
{[%clk 1:31:27]} Nf6 {[%clk 1:30:00]} 5. Nd2 {[%clk 1:31:35]} Bf5
{[%clk 1:29:57]} 6. Ngf3 {[%clk 1:26:46]} e6 {[%clk 1:29:13]} 7. Qb3
{[%clk 1:26:16]} Qc8 {[%clk 1:29:33]} 8. h3 {[%clk 1:17:26]} Be7 {[%clk 1:21:54]}
9. Be2 {[%clk 1:09:46]} h6 {[%clk 1:18:40]} 10. Ne5 {[%clk 1:05:08]} a6
{[%clk 1:01:56]} 11. dxc5 {[%clk 0:52:29]} Bxc5 {[%clk 0:56:52]} 12. Nxc6
{[%clk 0:49:46]} bxc6 {[%clk 0:51:19]} 13. Nf3 {[%clk 0:48:25]} O-O
{[%clk 0:48:50]} 14. O-O {[%clk 0:45:39]} a5 {[%clk 0:47:35]} 15. Nd4
{[%clk 0:36:58]} a4 {[%clk 0:47:18]} 16. Qd1 {[%clk 0:37:19]} Bh7
{[%clk 0:43:08]} 17. Bd3 {[%clk 0:31:39]} Ne4 {[%clk 0:40:43]} 18. Qc2
{[%clk 0:25:21]} Be7 {[%clk 0:34:15]} 19. Nf3 {[%clk 0:25:21]} Kh8
{[%clk 0:32:53]} 20. Nd2 {[%clk 0:20:15]} Nxd2 {[%clk 0:30:08]} 21. Qxd2
{[%clk 0:20:42]} Bxd3 {[%clk 0:30:07]} 22. Qxd3 {[%clk 0:21:09]} Bf6
{[%clk 0:29:00]} 23. Rab1 {[%clk 0:19:37]} e5 {[%clk 0:27:01]} 24. Bg3
{[%clk 0:19:54]} e4 {[%clk 0:26:58]} 25. Qc2 {[%clk 0:19:54]} Qe6
{[%clk 0:26:59]} 26. c4 {[%clk 0:17:14]} d4 {[%clk 0:25:49]} 27. exd4
{[%clk 0:17:10]} Bxd4 {[%clk 0:26:17]} 28. c5 {[%clk 0:17:24]} Qxa2
{[%clk 0:21:12]} 29. Rfd1 {[%clk 0:11:22]} Bf6 {[%clk 0:18:36]} 30. Qxe4
{[%clk 0:09:21]} Bxb2 {[%clk 0:18:29]} 31. Qc2 {[%clk 0:09:43]} a3
{[%clk 0:18:55]} 32. Be5 {[%clk 0:10:03]} Qxb1 {[%clk 0:16:01]} 33. Qxb1
{[%clk 0:07:34]} Bxe5 {[%clk 0:16:25]} 34. Qa2 {[%clk 0:07:52]} Rfb8
{[%clk 0:10:38]} 35. Rd2 {[%clk 0:06:49]} Ra7 {[%clk 0:08:55]} 36. g3
{[%clk 0:04:14]} Rb2 {[%clk 0:08:33]} 37. Rd8+ {[%clk 0:03:18]} Kh7
{[%clk 0:08:58]} 38. Qc4 {[%clk 0:03:31]} a2 {[%clk 0:08:49]} 39. Qe4+
{[%clk 0:03:31]} g6 {[%clk 0:08:51]} 0-1

[Event "World Chess Olympiad 2018"]
[Site "Batumi"]
[Date "2018.09.25"]
[Round "2"]
[Board "3"]
[WhiteFideId "11600454"]
[White "Fridman Daniel"]
[BlackFideId "13000071"]
[Black "Myo Naing"]
[Result "1-0"]
[LiveChessVersion "1.4.8"]
[BlackElo "2327"]
[WhiteElo "2591"]

1. d4 {[%clk 1:30:53]} Nf6 {[%clk 1:30:22]} 2. Nf3 {[%clk 1:31:14]} d5
{[%clk 1:30:32]} 3. c4 {[%clk 1:31:38]} c6 {[%clk 1:30:50]} 4. g3
{[%clk 1:32:01]} Bf5 {[%clk 1:30:36]} 5. Nc3 {[%clk 1:32:22]} e6 {[%clk 1:30:58]}
6. Nh4 {[%clk 1:32:46]} Bg6 {[%clk 1:31:03]} 7. Qb3 {[%clk 1:28:44]} Qb6
{[%clk 1:28:19]} 8. Nxg6 {[%clk 1:28:28]} hxg6 {[%clk 1:27:58]} 9. c5
{[%clk 1:19:12]} Qc7 {[%clk 1:26:35]} 10. Bf4 {[%clk 1:17:52]} Qc8
{[%clk 1:26:59]} 11. h4 {[%clk 1:07:37]} Nh5 {[%clk 1:23:25]} 12. Bg5
{[%clk 1:04:59]} f5 {[%clk 1:18:54]} 13. Bg2 {[%clk 0:57:26]} Be7
{[%clk 1:12:18]} 14. O-O-O {[%clk 0:39:33]} Nd7 {[%clk 1:10:31]} 15. Rhe1
{[%clk 0:39:55]} Ndf6 {[%clk 1:09:57]} 16. e4 {[%clk 0:31:41]} Qc7
{[%clk 1:07:31]} 17. exd5 {[%clk 0:29:29]} exd5 {[%clk 1:07:55]} 18. Bf3
{[%clk 0:25:24]} O-O {[%clk 1:03:20]} 19. Bxd5+ {[%clk 0:24:14]} Kh7
{[%clk 1:00:05]} 20. Bf3 {[%clk 0:24:18]} Rfe8 {[%clk 0:59:22]} 21. Kb1
{[%clk 0:23:21]} Bf8 {[%clk 0:58:54]} 22. Qc4 {[%clk 0:23:29]} Rab8
{[%clk 0:56:55]} 23. Qa4 {[%clk 0:22:07]} b5 {[%clk 0:56:52]} 24. Qa6
{[%clk 0:20:40]} b4 {[%clk 0:56:21]} 25. Ne2 {[%clk 0:19:44]} Ne4
{[%clk 0:51:36]} 26. Bxh5 {[%clk 0:18:23]} gxh5 {[%clk 0:51:41]} 27. Bf4
{[%clk 0:15:55]} Qb7 {[%clk 0:51:50]} 28. Qxb7 {[%clk 0:16:17]} Rxb7
{[%clk 0:52:17]} 29. f3 {[%clk 0:14:10]} Nf6 {[%clk 0:51:16]} 30. Be5
{[%clk 0:14:01]} Nd5 {[%clk 0:50:46]} 31. Nf4 {[%clk 0:14:15]} Nxf4
{[%clk 0:50:30]} 32. Bxf4 {[%clk 0:14:38]} Rd8 {[%clk 0:44:50]} 33. d5
{[%clk 0:12:38]} Rbd7 {[%clk 0:44:16]} 34. d6 {[%clk 0:12:26]} g6
{[%clk 0:43:14]} 35. Kc2 {[%clk 0:12:08]} Rb8 {[%clk 0:43:03]} 36. Kb3
{[%clk 0:12:15]} a5 {[%clk 0:43:06]} 37. Re6 {[%clk 0:10:07]} a4+
{[%clk 0:28:17]} 38. Kc4 {[%clk 0:10:15]} b3 {[%clk 0:28:13]} 39. a3
{[%clk 0:10:37]} Rdd8 {[%clk 0:24:52]} 40. d7 {[%clk 0:38:59]} 1-0

[Event "World Chess Olympiad 2018"]
[Site "Batumi"]
[Date "2018.09.25"]
[Round "2"]
[Board "1"]
[WhiteFideId "5200393"]
[White "Villamayor Buenaventura"]
[BlackFideId "1207822"]
[Black "Lupulescu Constantin"]
[Result "1/2-1/2"]
[LiveChessVersion "1.4.8"]
[BlackElo "2606"]
[WhiteElo "2392"]

1. d4 {[%clk 1:30:44]} Nf6 {[%clk 1:30:47]} 2. Nf3 {[%clk 1:30:24]} d5
{[%clk 1:31:12]} 3. c4 {[%clk 1:30:03]} e6 {[%clk 1:31:37]} 4. Nc3
{[%clk 1:29:40]} Bb4 {[%clk 1:31:45]} 5. Qa4+ {[%clk 1:29:23]} Nc6
{[%clk 1:32:08]} 6. e3 {[%clk 1:29:31]} O-O {[%clk 1:31:58]} 7. Bd2
{[%clk 1:29:31]} dxc4 {[%clk 1:31:00]} 8. Bxc4 {[%clk 1:29:49]} Bd6
{[%clk 1:31:27]} 9. Nb5 {[%clk 1:06:12]} Be7 {[%clk 1:30:47]} 10. Nc3
{[%clk 1:00:25]} a6 {[%clk 1:19:13]} 11. a3 {[%clk 0:54:48]} Bd6 {[%clk 1:15:16]}
12. Qc2 {[%clk 0:53:51]} e5 {[%clk 1:13:38]} 13. dxe5 {[%clk 0:46:11]} Nxe5
{[%clk 1:13:48]} 14. Nxe5 {[%clk 0:46:05]} Bxe5 {[%clk 1:14:14]} 15. O-O-O
{[%clk 0:40:27]} Qe7 {[%clk 0:56:07]} 16. Nd5 {[%clk 0:33:06]} Nxd5
{[%clk 0:56:25]} 17. Bxd5 {[%clk 0:33:34]} a5 {[%clk 0:55:00]} 18. Bc3
{[%clk 0:32:01]} Bxc3 {[%clk 0:44:34]} 19. Qxc3 {[%clk 0:32:21]} c6
{[%clk 0:44:59]} 20. Bf3 {[%clk 0:30:16]} b5 {[%clk 0:34:08]} 21. Qd4
{[%clk 0:27:52]} Be6 {[%clk 0:28:45]} 22. Qd6 {[%clk 0:27:49]} Qf6
{[%clk 0:16:38]} 23. Qf4 {[%clk 0:20:54]} Qxf4 {[%clk 0:15:33]} 24. exf4
{[%clk 0:21:22]} Rfc8 {[%clk 0:13:30]} 25. Rhe1 {[%clk 0:19:52]} Bd5
{[%clk 0:09:30]} 26. Bxd5 {[%clk 0:19:44]} cxd5+ {[%clk 0:09:56]} 27. Kb1
{[%clk 0:19:16]} Rc5 {[%clk 0:10:07]} 28. Re5 {[%clk 0:19:11]} Rd8
{[%clk 0:10:15]} 29. Rc1 {[%clk 0:15:34]} Rxc1+ {[%clk 0:09:20]} 30. Kxc1
{[%clk 0:16:03]} f6 {[%clk 0:09:44]} 31. Re7 {[%clk 0:15:55]} Rc8+
{[%clk 0:09:46]} 32. Kd2 {[%clk 0:15:47]} Rc4 {[%clk 0:09:04]} 33. g3
{[%clk 0:13:30]} b4 {[%clk 0:09:11]} 34. axb4 {[%clk 0:10:04]} Rxb4
{[%clk 0:09:31]} 35. Kc2 {[%clk 0:09:55]} Rc4+ {[%clk 0:07:19]} 36. Kd3
{[%clk 0:09:52]} Rb4 {[%clk 0:07:30]} 37. Kc2 {[%clk 0:10:17]} 1/2-1/2

[Event "World Chess Olympiad 2018"]
[Site "Batumi"]
[Date "2018.09.25"]
[Round "2"]
[Board "2"]
[WhiteFideId "3804623"]
[White "Vera Siguenas Deivy"]
[BlackFideId "8100144"]
[Black "Mansour Sameer"]
[Result "1-0"]
[LiveChessVersion "1.4.8"]
[BlackElo "2232"]
[WhiteElo "2494"]

1. e4 {[%clk 1:30:58]} c5 {[%clk 1:30:45]} 2. Nf3 {[%clk 1:31:23]} g6
{[%clk 1:30:29]} 3. d4 {[%clk 1:31:48]} cxd4 {[%clk 1:30:52]} 4. Nxd4
{[%clk 1:32:15]} Bg7 {[%clk 1:31:07]} 5. c4 {[%clk 1:32:32]} Nc6 {[%clk 1:31:06]}
6. Be3 {[%clk 1:32:55]} Nf6 {[%clk 1:31:00]} 7. Nc3 {[%clk 1:33:19]} Ng4
{[%clk 1:29:23]} 8. Qxg4 {[%clk 1:33:31]} Nxd4 {[%clk 1:29:36]} 9. Qd1
{[%clk 1:33:57]} e5 {[%clk 1:27:52]} 10. Bd3 {[%clk 1:25:39]} d6 {[%clk 1:21:40]}
11. O-O {[%clk 1:26:02]} O-O {[%clk 1:21:48]} 12. Qd2 {[%clk 1:25:02]} Be6
{[%clk 1:16:53]} 13. Ne2 {[%clk 1:24:44]} Rc8 {[%clk 1:10:59]} 14. b3
{[%clk 1:24:23]} Rc6 {[%clk 1:07:06]} 15. Bxd4 {[%clk 1:20:32]} exd4
{[%clk 1:07:30]} 16. Rad1 {[%clk 1:20:50]} Rc5 {[%clk 0:50:38]} 17. Bb1
{[%clk 1:06:47]} Rh5 {[%clk 0:41:00]} 18. Nxd4 {[%clk 1:01:13]} Bg4
{[%clk 0:37:37]} 19. f3 {[%clk 0:46:02]} Qh4 {[%clk 0:18:16]} 20. fxg4
{[%clk 0:43:31]} Qxh2+ {[%clk 0:16:48]} 21. Kf2 {[%clk 0:43:54]} Qh4+
{[%clk 0:12:09]} 22. g3 {[%clk 0:41:38]} Qxg4 {[%clk 0:10:53]} 23. Nf3
{[%clk 0:40:43]} f5 {[%clk 0:09:36]} 24. exf5 {[%clk 0:38:28]} Be5
{[%clk 0:05:53]} 25. Rg1 {[%clk 0:38:12]} Rfxf5 {[%clk 0:02:34]} 26. Bxf5
{[%clk 0:37:55]} Rxf5 {[%clk 0:03:01]} 27. Qe3 {[%clk 0:35:14]} Qh3
{[%clk 0:01:20]} 28. Ke2 {[%clk 0:33:53]} Bxg3 {[%clk 0:00:59]} 29. Qe6+
{[%clk 0:30:11]} Kg7 {[%clk 0:01:07]} 30. Rxg3 {[%clk 0:24:34]} Qxg3
{[%clk 0:01:28]} 31. Qxf5 {[%clk 0:24:46]} gxf5 {[%clk 0:01:27]} 32. Rg1
{[%clk 0:25:14]} Qxg1 {[%clk 0:00:34]} 33. Nxg1 {[%clk 0:25:37]} Kf6
{[%clk 0:00:51]} 34. Ke3 {[%clk 0:25:35]} Kg5 {[%clk 0:00:53]} 35. Kf3
{[%clk 0:26:00]} Kf6 {[%clk 0:00:37]} 36. Kf4 {[%clk 0:26:09]} Ke6
{[%clk 0:00:34]} 37. Nf3 {[%clk 0:26:33]} d5 {[%clk 0:00:48]} 38. c5
{[%clk 0:04:52]} d4 {[%clk 0:00:53]} 39. Nxd4+ {[%clk 0:04:52]} Kd5
{[%clk 0:01:22]} 40. c6 {[%clk 0:33:57]} bxc6 {[%clk 0:31:50]} 41. Nxf5
{[%clk 0:34:23]} c5 {[%clk 0:29:00]} 42. Ke3 {[%clk 0:32:46]} h5 {[%clk 0:26:12]}
43. Ne7+ {[%clk 0:27:52]} Ke6 {[%clk 0:24:57]} 44. Nc6 {[%clk 0:28:09]} a6
{[%clk 0:16:26]} 45. Nb8 {[%clk 0:28:34]} a5 {[%clk 0:14:51]} 46. Nc6
{[%clk 0:28:59]} a4 {[%clk 0:14:53]} 47. bxa4 {[%clk 0:29:25]} h4
{[%clk 0:13:57]} 48. Na7 {[%clk 0:27:06]} Kd5 {[%clk 0:11:12]} 49. Nb5
{[%clk 0:27:23]} h3 {[%clk 0:06:05]} 50. Kf3 {[%clk 0:27:46]} 1-0

[Event "World Chess Olympiad 2018"]
[Site "Batumi"]
[Date "2018.09.25"]
[Round "2"]
[Board "4"]
[WhiteFideId "509825"]
[White "Keinanen Toivo"]
[BlackFideId "950122"]
[Black "Ivic Velimir"]
[Result "0-1"]
[LiveChessVersion "1.4.8"]
[BlackElo "2472"]
[WhiteElo "2402"]

1. d4 {[%clk 1:30:32]} Nf6 {[%clk 1:30:54]} 2. c4 {[%clk 1:30:15]} g6
{[%clk 1:31:19]} 3. Nc3 {[%clk 1:30:23]} Bg7 {[%clk 1:31:43]} 4. e4
{[%clk 1:30:11]} d6 {[%clk 1:32:09]} 5. Be2 {[%clk 1:30:30]} O-O {[%clk 1:32:31]}
6. Nf3 {[%clk 1:30:51]} e5 {[%clk 1:32:43]} 7. d5 {[%clk 1:30:35]} a5
{[%clk 1:31:54]} 8. Bg5 {[%clk 1:30:30]} h6 {[%clk 1:32:09]} 9. Be3
{[%clk 1:30:56]} Ng4 {[%clk 1:30:39]} 10. Bd2 {[%clk 1:28:38]} f5
{[%clk 1:31:00]} 11. h3 {[%clk 1:28:15]} Nf6 {[%clk 1:24:30]} 12. exf5
{[%clk 1:28:40]} gxf5 {[%clk 1:24:47]} 13. Qc1 {[%clk 1:29:05]} f4
{[%clk 1:24:35]} 14. g3 {[%clk 1:29:27]} e4 {[%clk 1:24:22]} 15. Nh4
{[%clk 1:29:51]} e3 {[%clk 1:24:48]} 16. fxe3 {[%clk 1:30:18]} fxg3
{[%clk 1:25:12]} 17. Ng6 {[%clk 1:30:32]} Re8 {[%clk 1:25:04]} 18. Rg1
{[%clk 1:24:06]} Bf5 {[%clk 1:08:35]} 19. Rxg3 {[%clk 1:17:35]} Nbd7
{[%clk 1:04:46]} 20. Nf4 {[%clk 0:43:57]} Nc5 {[%clk 0:56:36]} 21. Bf3
{[%clk 0:28:53]} Nh7 {[%clk 0:30:50]} 22. Kf2 {[%clk 0:20:58]} Qh4
{[%clk 0:26:08]} 23. Kg2 {[%clk 0:20:11]} Nd3 {[%clk 0:08:54]} 24. Nxd3
{[%clk 0:18:47]} Bxd3 {[%clk 0:09:16]} 25. e4 {[%clk 0:18:06]} Kh8
{[%clk 0:08:02]} 26. Rg4 {[%clk 0:15:23]} Qf6 {[%clk 0:07:03]} 27. Qd1
{[%clk 0:08:43]} Rg8 {[%clk 0:03:18]} 28. Be1 {[%clk 0:04:41]} h5
{[%clk 0:02:49]} 29. e5 {[%clk 0:03:40]} Qxe5 {[%clk 0:01:56]} 30. Bg3
{[%clk 0:03:03]} Qe7 {[%clk 0:01:33]} 31. Qxd3 {[%clk 0:02:15]} hxg4
{[%clk 0:02:01]} 32. hxg4 {[%clk 0:02:34]} Be5 {[%clk 0:01:14]} 33. Re1
{[%clk 0:02:47]} Ng5 {[%clk 0:00:44]} 34. Rh1+ {[%clk 0:02:30]} Kg7
{[%clk 0:00:53]} 35. Bh4 {[%clk 0:02:45]} Rh8 {[%clk 0:00:59]} 36. Qe3
{[%clk 0:01:18]} Bf6 {[%clk 0:00:48]} 37. Bxg5 {[%clk 0:00:42]} Bxg5
{[%clk 0:00:43]} 38. Qxe7+ {[%clk 0:00:38]} Bxe7 {[%clk 0:01:11]} 39. Re1
{[%clk 0:00:58]} Bf6 {[%clk 0:00:43]} 40. Ne4 {[%clk 0:30:42]} Be5
{[%clk 0:30:40]} 41. Ng3 {[%clk 0:22:35]} Rae8 {[%clk 0:28:33]} 42. Rc1
{[%clk 0:18:51]} b6 {[%clk 0:27:16]} 43. Rc2 {[%clk 0:17:45]} Kg6
{[%clk 0:24:19]} 44. b3 {[%clk 0:16:04]} Bxg3 {[%clk 0:21:37]} 45. Kxg3
{[%clk 0:16:33]} Kg5 {[%clk 0:21:37]} 46. Rc3 {[%clk 0:14:24]} Re1
{[%clk 0:20:22]} 47. a4 {[%clk 0:11:29]} Rhe8 {[%clk 0:20:08]} 48. Kf2
{[%clk 0:09:36]} Kf4 {[%clk 0:18:57]} 49. Rc2 {[%clk 0:08:04]} R1e3
{[%clk 0:18:31]} 50. Bd1 {[%clk 0:07:57]} Rd3 {[%clk 0:18:19]} 51. Rc1
{[%clk 0:07:49]} Rd2+ {[%clk 0:18:41]} 52. Kf1 {[%clk 0:08:15]} Re3
{[%clk 0:18:44]} 53. g5 {[%clk 0:07:33]} Kg3 {[%clk 0:17:46]} 54. Bc2
{[%clk 0:07:29]} Rf2+ 55. Kg1 Rxc2 {[%clk 0:18:34]} 56. Rxc2 {[%clk 0:08:18]}
Re1# {[%clk 0:18:59]} 0-1

[Event "World Chess Olympiad 2018"]
[Site "Batumi"]
[Date "2018.09.25"]
[Round "2"]
[Board "1"]
[WhiteFideId "1407767"]
[White "Glud Jakob Vang"]
[BlackFideId "13602934"]
[Black "Paichadze Luka"]
[Result "1/2-1/2"]
[LiveChessVersion "1.4.8"]
[BlackElo "2564"]
[WhiteElo "2514"]

1. c4 {[%clk 1:30:51]} e5 {[%clk 1:30:32]} 2. Nc3 {[%clk 1:30:47]} Nf6
{[%clk 1:30:26]} 3. Nf3 {[%clk 1:30:59]} Nc6 {[%clk 1:30:31]} 4. e3
{[%clk 1:29:51]} g6 {[%clk 1:27:43]} 5. d4 {[%clk 1:27:27]} exd4 {[%clk 1:27:26]}
6. exd4 {[%clk 1:26:06]} Bg7 {[%clk 1:27:45]} 7. Be2 {[%clk 1:26:22]} O-O
{[%clk 1:28:07]} 8. d5 {[%clk 1:24:42]} Ne7 {[%clk 1:28:32]} 9. O-O
{[%clk 1:21:33]} d6 {[%clk 1:28:21]} 10. Nd4 {[%clk 1:19:00]} a6 {[%clk 1:23:29]}
11. Bg5 {[%clk 1:14:57]} h6 {[%clk 1:21:32]} 12. Be3 {[%clk 1:15:17]} Nf5
{[%clk 1:21:29]} 13. Nxf5 {[%clk 1:15:41]} Bxf5 {[%clk 1:21:56]} 14. Qd2
{[%clk 1:14:54]} Kh7 {[%clk 1:19:43]} 15. h3 {[%clk 1:09:36]} Ne4
{[%clk 1:14:05]} 16. Nxe4 {[%clk 1:08:59]} Bxe4 {[%clk 1:14:31]} 17. Bd4
{[%clk 0:57:50]} Re8 {[%clk 1:13:27]} 18. Rae1 {[%clk 0:57:36]} Bxd4
{[%clk 1:00:11]} 19. Qxd4 {[%clk 0:58:02]} Qg5 {[%clk 1:00:23]} 20. f3
{[%clk 0:55:14]} Bf5 {[%clk 1:00:27]} 21. Kf2 {[%clk 0:51:02]} h5
{[%clk 0:41:36]} 22. h4 {[%clk 0:48:20]} Qh6 {[%clk 0:36:17]} 23. Bd1
{[%clk 0:45:26]} Qg7 {[%clk 0:35:18]} 24. Qxg7+ {[%clk 0:44:29]} Kxg7
{[%clk 0:35:44]} 25. Ba4 {[%clk 0:44:54]} Rxe1 {[%clk 0:36:09]} 26. Rxe1
{[%clk 0:45:10]} Kf6 {[%clk 0:36:20]} 27. Re3 {[%clk 0:38:30]} Bb1
{[%clk 0:24:08]} 28. Bb3 {[%clk 0:34:14]} Bf5 {[%clk 0:24:08]} 29. Bd1
{[%clk 0:25:50]} Bd7 {[%clk 0:20:27]} 30. g4 {[%clk 0:24:59]} hxg4
{[%clk 0:20:27]} 31. fxg4 {[%clk 0:25:23]} Re8 {[%clk 0:20:28]} 32. g5+
{[%clk 0:25:26]} Kg7 {[%clk 0:20:51]} 33. Rxe8 {[%clk 0:25:42]} Bxe8
{[%clk 0:21:13]} 34. Bg4 {[%clk 0:21:32]} b6 {[%clk 0:21:07]} 35. Ke3
{[%clk 0:19:03]} a5 {[%clk 0:20:35]} 36. a3 {[%clk 0:19:04]} f6 {[%clk 0:19:58]}
37. b3 {[%clk 0:19:12]} fxg5 {[%clk 0:19:50]} 38. hxg5 {[%clk 0:19:38]} Kf7
{[%clk 0:20:15]} 39. Kd4 {[%clk 0:19:49]} Ke7 {[%clk 0:20:35]} 40. Bd1
{[%clk 0:49:09]} Bd7 {[%clk 0:50:48]} 41. Bc2 {[%clk 0:49:37]} Be8
{[%clk 0:50:52]} 42. Kc3 {[%clk 0:48:37]} Kd8 {[%clk 0:48:15]} 43. b4
{[%clk 0:48:12]} axb4+ {[%clk 0:39:49]} 44. Kxb4 {[%clk 0:47:55]} Kc8
{[%clk 0:39:46]} 45. Bd1 {[%clk 0:35:32]} Kb7 {[%clk 0:38:20]} 46. Bg4
{[%clk 0:35:01]} Kb8 {[%clk 0:36:56]} 47. a4 {[%clk 0:35:10]} c5+
{[%clk 0:35:30]} 48. dxc6 {[%clk 0:35:15]} Bxc6 {[%clk 0:35:53]} 49. Be6
{[%clk 0:35:03]} Be8 {[%clk 0:35:41]} 50. Bd5 1/2-1/2